Responses for show #6267 - Tuesday, December 13, 2011

Contestants

Boomie Aglietti, a writer for TV and stage from Los Angeles, California

Gina Bernal, a romance novel editor from Cambridge, Massachusetts

Chuck Rezac, a cattle ranch hand from Emmett, Kansas (whose 1-day cash winnings total $25,200)

Jeopardy! Round responses

PRIME MINISTERS
TITLE ANIMALS OF KIDS' BOOKS
"BLIND" LEADING THE BLIND
LONG LIVE THE COMPANY
WORLD OF WONDERS
GETTING DEFENSIVE
    $200 6
(Gordon) Brown

Boomie
    $200 1
Swan

Gina
    $200 8
a blind date

Boomie
    $200 15
Colgate

Chuck
    $200 26
the Eiffel Tower

Boomie
    $200 20
gloves

Boomie
    $400 7
(Boomie: What is Afghanistan?)

Iraq

GinaBoomie
    $400 2
Bunny

Gina
    $400 9
Venetian blinds

Chuck
    $400 16
Brooks Brothers

Gina
    $400 25
Casino

Gina
    $400 27
(Alex: Yeah, never landed a punch.)

punching

Boomie
    $600 13
(Ariel) Sharon

Boomie
    $600 3
Fish

Chuck
    $600 10
love is blind

Boomie
    $600 17
Hartford

Chuck
    $600 22
Hearst Castle

Boomie
    $600 28
soccer

Gina
    $800 14
(Boomie: What is Oman?)

Brunei

GinaBoomie
    $800 4
Zebra

Triple Stumper
    $800 11
night blindness

Boomie
    $800 18
Mott's

Chuck
    $800 23
the Empire State Building

Chuck
    $800 29
blocks

Boomie
    $1000 21
Rajiv Gandhi

Boomie
    $1000 5
(Chuck: What are newts and frogs?)

Frog & Toad

ChuckGina
    $1000 12
Blind Melon

Boomie
    $1,600 19
Shell

Chuck
    $1000 24
Hadrian's Wall

Gina
    $1000 30
(Bobby) Orr

Boomie

Scores at the first commercial break (after clue 15):

Chuck Gina Boomie
$200 $2,800 $2,200

Scores at the end of the Jeopardy! Round:

Chuck Gina Boomie
$4,000 $5,200 $6,400

Double Jeopardy! Round responses

MARS NEEDS CONTESTANTS
MOVIE STAR FILMOGRAPHIES
CAPES
THERE'S A WORD FOR THAT
CHAMBER MUSIC
GETTING DEFENSIVE
    $400 6
oxygen

Boomie
    $400 10
(Jack) Nicholson

Boomie
    $400 1
the Everglades

Boomie
    $400 15
talking

Boomie
    $400 7
(Gina: What is piano?)

violin

Gina
Triple Stumper
    $800 26
Russia

Triple Stumper
    $800 11
(Boomie: Who is Bale?)

Russell Crowe

GinaBoomie
    $800 2
(Gina: Who is Cape Mary?)
(Chuck: What is Cape Elizabeth?)

Cape Ann

ChuckGina
Triple Stumper
    $800 16
deserts

Boomie
    $800 8
clarinet

Triple Stumper
    $1,600 14
Spirit

Boomie
    $1200 12
Denzel Washington

Gina
    $1200 3
Cape Horn

Boomie
    $1200 17
FOUR-LETTER WORDS

Chuck
    $1200 9
deafness

Gina
    $1200 22
stonewall

Gina
    $1600 27
Phobos & Deimos

Chuck
    $1600 13
(Angelina) Jolie

Boomie
    $1600 4
Botany Bay

Boomie
    $1600 18
laugh

Boomie
    $1600 20
(Robert) Schumann

Boomie
    $1600 24
a crook

Boomie
    $2000 28
[The end-of-round signal sounds.]

Olympus Mons

Boomie
    $2000 23
(Jimmy) Stewart

Boomie
    $2000 5
Gibraltar

Boomie
    $2000 19
(Chuck: What's the "subrahend"?)

the minuend

Chuck
Triple Stumper
    $2000 21
(Chuck: What's "Surprise"?)

"The Joke"

Chuck
Triple Stumper
    $800 25
[Boomie responds just as the time's-up signal sounds]
(Alex: Less than a minute to go now, Boomie.)

good intentions

Boomie

Scores at the end of the Double Jeopardy! Round:

Chuck Gina Boomie
$2,000 $8,400 $25,600
(lock game)

[wagering suggestions for these scores]

Final Jeopardy! Round responses

20th CENTURY LITERATURE
[Alex could not read Chuck's answer; Chuck state it would have been Portrait of the Artist as a Young Man.]
(Alex: [Revealing Boomie's response] [*] by Irving Stone, the biography of Vincent van Gogh.)
ChuckWhat Portrait of the Vincent? Artist as a y
$1,937
GinaWhat is Portrait of the Artist as a Young Man?
$8,400
BoomieWhat is The A Lust for Life?
$8,799
Lust for Life

Final scores:

Chuck Gina Boomie
$63 $0 $34,399
2nd place: $2,000 3rd place: $1,000 New champion: $34,399

Game dynamics:

Coryat scores:

Chuck Gina Boomie
$1,400 $8,400 $26,400
9 R
(including 1 DD),
4 W
13 R,
2 W
29 R
(including 2 DDs),
3 W

Combined Coryat: $36,200

The J! Archive is created by fans, for fans. The Jeopardy! game show and all elements thereof, including but not limited to copyright and trademark thereto, are the property of Jeopardy Productions, Inc. and are protected under law. This website is not affiliated with, sponsored by, or operated by Jeopardy Productions, Inc. Join the discussion at JBoard.tv.